Neutron Therapy for Salivary and Thyroid Gland Cancer; AIP Conference Proceedings; Vol. 1760 : Physics of Cancer: Interdisciplinary Problems and Clinical Applications 2016

Dades bibliogràfiques
Parent link:AIP Conference Proceedings
Vol. 1760 : Physics of Cancer: Interdisciplinary Problems and Clinical Applications 2016.— 2016.— [020021, 5 p.]
Autor corporatiu: Национальный исследовательский Томский политехнический университет (ТПУ) Физико-технический институт (ФТИ) Кафедра прикладной физики (№ 12) (ПФ)
Altres autors: Gribova O. V., Musabaeva L. I., Choynzonov E. L. Evgeny Lkhamatsyrenovich, Lisin V. A. Valery Andreevich, Novikov V. A.
Sumari:Title screen
The purpose of this study was to analyze the results of the combined modality treatment and radiation therapy using 6.3 MeV fast neutrons for salivary gland cancer and prognostically unfavorable thyroid gland cancer. The study group comprised 127 patients with salivary gland cancer and 46 patients with thyroid gland cancer, who received neutron therapy alone and in combination with surgery. The results obtained demonstrated that the combined modality treatment including fast neutron therapy led to encouraging local control in patients with salivary and thyroid gland cancers.
Режим доступа: по договору с организацией-держателем ресурса
Idioma:anglès
Publicat: 2016
Matèries:
Accés en línia:http://dx.doi.org/10.1063/1.4960240
http://earchive.tpu.ru/handle/11683/35774
Format: Electrònic Capítol de llibre
KOHA link:https://koha.lib.tpu.ru/cgi-bin/koha/opac-detail.pl?biblionumber=651993

MARC

LEADER 00000nla2a2200000 4500
001 651993
005 20231101134709.0
035 |a (RuTPU)RU\TPU\network\17256 
035 |a RU\TPU\network\17251 
090 |a 651993 
100 |a 20161129a2016 k y0engy50 ba 
101 0 |a eng 
105 |a y z 100zy 
135 |a drcn ---uucaa 
181 0 |a i  
182 0 |a b 
200 1 |a Neutron Therapy for Salivary and Thyroid Gland Cancer  |f O. V. Gribova [et al.] 
203 |a Text  |c electronic 
300 |a Title screen 
320 |a [References: 19 tit.] 
330 |a The purpose of this study was to analyze the results of the combined modality treatment and radiation therapy using 6.3 MeV fast neutrons for salivary gland cancer and prognostically unfavorable thyroid gland cancer. The study group comprised 127 patients with salivary gland cancer and 46 patients with thyroid gland cancer, who received neutron therapy alone and in combination with surgery. The results obtained demonstrated that the combined modality treatment including fast neutron therapy led to encouraging local control in patients with salivary and thyroid gland cancers. 
333 |a Режим доступа: по договору с организацией-держателем ресурса 
461 0 |0 (RuTPU)RU\TPU\network\4816  |t AIP Conference Proceedings 
463 0 |0 (RuTPU)RU\TPU\network\17033  |t Vol. 1760 : Physics of Cancer: Interdisciplinary Problems and Clinical Applications 2016  |o Proceedings of the International conference, 22-25 March 2016, Tomsk, Russia  |f National Research Tomsk Polytechnic University (TPU) ; eds. E. Y. Gutmanas ; O. B. Naimark ; Yu. P. Sharkeev  |v [020021, 5 p.]  |d 2016 
610 1 |a электронный ресурс 
610 1 |a труды учёных ТПУ 
610 1 |a нейтронная терапия 
610 1 |a слюнные железы 
610 1 |a щитовидная железа 
610 1 |a лучевая терапия 
610 1 |a быстрые нейтроны 
610 1 |a хирургические вмешательства 
610 1 |a рак 
701 1 |a Gribova  |b O. V. 
701 1 |a Musabaeva  |b L. I. 
701 1 |a Choynzonov  |b E. L.  |c physicist  |c chief expert of Tomsk Polytechnic University  |f 1952-  |g Evgeny Lkhamatsyrenovich  |2 stltpush  |3 (RuTPU)RU\TPU\pers\34575 
701 1 |a Lisin  |b V. A.  |c physicist  |c Professor of Tomsk Polytechnic University, Doctor of technical sciences  |f 1945-  |g Valery Andreevich  |2 stltpush  |3 (RuTPU)RU\TPU\pers\34244 
701 1 |a Novikov  |b V. A. 
712 0 2 |a Национальный исследовательский Томский политехнический университет (ТПУ)  |b Физико-технический институт (ФТИ)  |b Кафедра прикладной физики (№ 12) (ПФ)  |h 46  |2 stltpush  |3 (RuTPU)RU\TPU\col\18729 
801 2 |a RU  |b 63413507  |c 20170120  |g RCR 
856 4 |u http://dx.doi.org/10.1063/1.4960240 
856 4 |u http://earchive.tpu.ru/handle/11683/35774 
942 |c CF